[Event "Lima Surco op 4th"]
[Site "Lima"]
[Date "2017.10.28"]
[Round "4"]
[White "Garcia Andrada, Heidy Nicole"]
[Black "Ugarelli, Leonardo"]
[Result "1-0"]
[WhiteElo "1679"]
[BlackElo "1515"]
[PlyCount "105"]
[EventDate "2017.10.15"]
[EventType "swiss"]
[EventRounds "7"]
[EventCountry "PER"]
[SourceTitle "EXT 2019"]
[Source "ChessBase"]
[SourceDate "2018.10.10"]
[SourceVersion "1"]
[SourceVersionDate "2018.10.10"]
[SourceQuality "1"]

1. e4 e6 2. d4 d5 3. Nc3 Nf6 4. e5 Nfd7 5. f4 c5 6. Nf3 Nc6 7. Be3 a6 8. Be2 cxd4 9. Nxd4 Nxd4 10. Bxd4 Bc5 11. Na4 Bxd4 12. Qxd4 b5 13. Nc5 Qb6 14. Nb3 Qxd4 15. Nxd4 Bb7 16. c3 Ke7 17. 0-0 f6 18. exf6+ gxf6 19. Bg4 f5 20. Bh3 Nf6 21. a4 bxa4 22. Rxa4 Rhc8 23. g3 Rc5 24. Re1 Ne4 25. Bf1 Bc8 26. Rea1 Rb8 27. R1a2 a5 28. Rxa5 Rxa5 29. Nc6+ Kf6 30. Nxa5 Ra8 31. Ra3 Bd7 32. Bg2 Nd2 33. Nc4 Rxa3 34. Nxa3 Ba4 35. Kf2 Ke7 36. Ke3 Nb3 37. Nc2 Na5 38. Na3 Kd6 39. b4 Nc6 40. Bf1 Na7 41. h3 Kc6 42. Kd4 Kd6 43. b5 Nc8 44. g4 fxg4 45. hxg4 h6 46. Bd3 Ne7 47. Bc2 Bxc2 48. Nxc2 Ng6 49. f5 exf5 50. gxf5 Nh4 51. f6 Nf5+ 52. Kd3 Ke6 53. Nd4+ 1-0

[Event "South America-ch U14 13th"]
[Site "Santiago de Chile"]
[Date "2016.12.02"]
[Round "2"]
[White "Ugarelli, Leonardo"]
[Black "Titichoca Daza, Daniel Henry"]
[Result "0-1"]
[WhiteElo "1557"]
[BlackElo "1882"]
[PlyCount "28"]
[EventDate "2016.12.01"]
[EventType "swiss"]
[EventRounds "9"]
[EventCountry "CHI"]
[SourceTitle "EXT 2018"]
[Source "ChessBase"]
[SourceDate "2017.10.13"]
[SourceVersion "1"]
[SourceVersionDate "2017.10.13"]
[SourceQuality "1"]

1. Nf3 c5 2. c4 Nc6 3. Nc3 g6 4. g3 Bg7 5. Bg2 e5 6. d3 Nge7 7. 0-0 0-0 8. Bd2 d6 9. Qc1 f5 10. e3 b6 11. Ne1 Be6 12. Ne2 Qc8 13. Bc3 d5 14. cxd5 Nxd5 0-1

[Event "Lima Palma Memorial 2nd"]
[Site "Lima"]
[Date "2016.09.25"]
[Round "6.8"]
[White "Ugarelli, Leonardo"]
[Black "Ramos Castro, Aldair"]
[Result "0-1"]
[WhiteElo "1587"]
[BlackElo "1761"]
[PlyCount "80"]
[EventDate "2016.09.09"]
[EventType "swiss"]
[EventRounds "7"]
[EventCountry "PER"]
[SourceTitle "EXT 2024"]
[Source "ChessBase"]
[SourceDate "2023.10.10"]
[SourceVersion "1"]
[SourceVersionDate "2023.10.10"]
[SourceQuality "1"]

1. Nf3 Nf6 2. d4 g6 3. Bf4 Bg7 4. c4 c5 5. e3 d6 6. Nc3 Nbd7 7. d5 Qa5 8. Qd2 a6 9. Rc1 Rb8 10. Bd3 b5 11. b3 b4 12. Ne2 Ng4 13. e4 h5 14. h3 Nge5 15. Nxe5 dxe5 16. Bh2 Qa3 17. 0-0 Rb6 18. Rb1 Bh6 19. Qb2 Qxb2 20. Rxb2 Bg7 21. Rc2 g5 22. g3 g4 23. h4 Rf6 24. Nc1 Bh6 25. Kg2 Rg8 26. Be2 Bxc1 27. Rcxc1 Nf8 28. f3 Rd6 29. f4 exf4 30. gxf4 g3 31. Bg1 Ng6 32. Bxc5 Nxh4+ 33. Kg1 Rdg6 34. Bxh5 Rh6 35. Bd1 g2 36. Re1 Bg4 37. Bxg4 Rxg4 38. Kf2 Rxf4+ 39. Ke3 Rhf6 40. Kd2 Nf3+ 0-1

[Event "PER-ch U14"]
[Site "Lima"]
[Date "2016.02.03"]
[Round "2.2"]
[White "Ugarelli, Leonardo"]
[Black "Gonzales Curse, Flavio"]
[Result "0-1"]
[WhiteElo "1580"]
[BlackElo "1969"]
[PlyCount "130"]
[EventDate "2016.02.02"]
[EventType "swiss"]
[EventRounds "9"]
[EventCountry "PER"]
[SourceTitle "EXT 2024"]
[Source "ChessBase"]
[SourceDate "2023.10.10"]
[SourceVersion "1"]
[SourceVersionDate "2023.10.10"]
[SourceQuality "1"]

1. e4 c5 2. Nf3 Nc6 3. Bb5 g6 4. Bxc6 dxc6 5. d3 Bg7 6. Nc3 Nf6 7. Be3 b6 8. Qd2 Ng4 9. Bf4 e5 10. Bg5 f6 11. Bh4 Qd6 12. h3 Nh6 13. Bg3 Qe7 14. Nh2 Nf7 15. f4 Be6 16. 0-0 0-0-0 17. Nf3 Bh6 18. b3 Rhf8 19. a4 g5 20. fxg5 Nxg5 21. Nxg5 Bxg5 22. Qe2 a5 23. Nd1 Qg7 24. Nb2 Kb7 25. Nc4 Bxh3 26. gxh3 Bf4 27. Qg4 Qxg4 28. hxg4 Bxg3 29. Kg2 Bf4 30. Rh1 h6 31. Rh5 Rg8 32. Kf3 Kc7 33. Rah1 Rg6 34. Rf1 Rdg8 35. Rg1 R8g7 36. Rg2 b5 37. axb5 cxb5 38. Nb2 Kc6 39. Nd1 a4 40. bxa4 bxa4 41. Nc3 a3 42. Rh1 Ra7 43. Ra1 Rg8 44. Nd5 Bg5 45. Rxa3 Rxa3 46. Ne7+ Kd7 47. Nxg8 Ra8 48. Nxf6+ Bxf6 49. Rh2 Bg5 50. Ke2 Ra2 51. Ke1 Kc6 52. Rg2 c4 53. dxc4 Kc5 54. Re2 Kxc4 55. Kf2 Kc3 56. Kf3 Rxc2 57. Rxc2+ Kxc2 58. Ke2 Bf4 59. Kf2 Kd3 60. Kf3 Bg5 61. Kf2 Kxe4 62. Ke2 Be3 63. Kd1 Kd3 64. Ke1 e4 65. Kf1 Bg5 0-1

[Event "Pan American-ch U12"]
[Site "Cali"]
[Date "2015.06.29"]
[Round "2"]
[White "Murillo, Oscar"]
[Black "Ugarelli, Leonardo"]
[Result "1-0"]
[WhiteElo "1752"]
[BlackElo "1449"]
[PlyCount "87"]
[EventDate "2015.06.28"]
[EventType "swiss"]
[EventRounds "9"]
[EventCountry "COL"]
[SourceTitle "EXT 2016"]
[Source "ChessBase"]
[SourceDate "2015.10.08"]
[SourceVersion "1"]
[SourceVersionDate "2015.10.08"]
[SourceQuality "1"]

1. e4 e6 2. d4 d5 3. e5 c5 4. c3 Nc6 5. Nf3 Qb6 6. Bd3 Bd7 7. Bc2 f6 8. Nh4 0-0-0 9. Qh5 cxd4 10. Ng6 Be8 11. Qh3 Bxg6 12. Bxg6 Nxe5 13. Bc2 d3 14. Bxd3 Bc5 15. 0-0 Nxd3 16. Qxd3 Ne7 17. b4 Bd6 18. Be3 Qc7 19. h3 Nc6 20. Na3 a6 21. Nc2 Ne5 22. Qd4 Nc6 23. Qd2 Ne5 24. Na3 Nc4 25. Nxc4 Qxc4 26. Bb6 Bc7 27. Qe3 Qc6 28. Bxc7 Kxc7 29. Qg3+ Kb6 30. Qxg7 Qxc3 31. Rac1 Qd4 32. Rc7 Rb8 33. Rfc1 Qe5 34. Qe7 d4 35. R7c5 Qe4 36. Rc7 Qe5 37. R7c5 Qe4 38. Qc7+ Ka7 39. Ra5 Ka8 40. Qb6 Qe2 41. b5 Rbc8 42. Rxc8+ Rxc8 43. bxa6 Qe1+ 44. Kh2 1-0

[Event "San Borja Nombre de Jesus II"]
[Site "San Borja"]
[Date "2015.06.20"]
[Round "7"]
[White "Sanchez Su, Ian Rodrigo"]
[Black "Ugarelli, Leonardo"]
[Result "0-1"]
[WhiteElo "1241"]
[BlackElo "1449"]
[PlyCount "94"]
[EventDate "2015.06.12"]
[EventType "swiss"]
[EventRounds "7"]
[EventCountry "PER"]
[SourceTitle "EXT 2024"]
[Source "ChessBase"]
[SourceDate "2023.10.10"]
[SourceVersion "1"]
[SourceVersionDate "2023.10.10"]
[SourceQuality "1"]

1. e4 e6 2. d4 d5 3. Nc3 Nf6 4. Bg5 Be7 5. e5 Nfd7 6. Bxe7 Qxe7 7. Qg4 0-0 8. Bd3 a6 9. Nge2 f6 10. f4 fxe5 11. fxe5 c5 12. Qh5 g6 13. Bxg6 hxg6 14. Qxg6+ Kh8 15. Qh6+ Qh7 16. Qxh7+ Kxh7 17. dxc5 Nxc5 18. Nd4 Nc6 19. Nxc6 bxc6 20. Rf1 Bb7 21. Kd2 Nd7 22. Rae1 a5 23. Rxf8 Rxf8 24. Kc1 Rf2 25. Re2 Rxe2 26. Nxe2 Nxe5 27. Nd4 Bc8 28. Kd2 Kg6 29. Ke3 Kf6 30. Kf4 a4 31. b3 c5 32. Nb5 axb3 33. cxb3 Nc6 34. Nd6 e5+ 35. Ke3 Bf5 36. Nxf5 Kxf5 37. a4 Na5 38. h4 Nxb3 39. h5 Kg5 40. g4 c4 41. Ke2 d4 42. Kd1 e4 43. Kc2 e3 44. Kd1 d3 45. Ke1 c3 46. Kd1 c2+ 47. Ke1 c1Q# 0-1

[Event "San Borja Nombre de Jesus II"]
[Site "San Borja"]
[Date "2015.06.12"]
[Round "2"]
[White "Mendoza Li, Alvaro"]
[Black "Ugarelli, Leonardo"]
[Result "0-1"]
[WhiteElo "1463"]
[BlackElo "1449"]
[PlyCount "100"]
[EventDate "2015.06.12"]
[EventType "swiss"]
[EventRounds "7"]
[EventCountry "PER"]
[SourceTitle "EXT 2024"]
[Source "ChessBase"]
[SourceDate "2023.10.10"]
[SourceVersion "1"]
[SourceVersionDate "2023.10.10"]
[SourceQuality "1"]

1. e4 e6 2. Nf3 d5 3. Nc3 c5 4. e5 Nc6 5. Bb5 Qb6 6. 0-0 Bd7 7. Bxc6 Bxc6 8. d4 f6 9. b3 fxe5 10. dxe5 Ne7 11. Ng5 Bd7 12. Bf4 Nf5 13. h3 Be7 14. Qd3 h6 15. Nf3 0-0-0 16. g4 Nh4 17. Nxh4 Bxh4 18. Bg3 Be7 19. Rad1 Rdf8 20. a4 Rf7 21. Nb5 Bxb5 22. Qxb5 Qxb5 23. axb5 Rf3 24. Rd3 Rhf8 25. Kg2 R3f7 26. Re1 Bd8 27. Ree3 Bc7 28. Rf3 a6 29. Rxf7 Rxf7 30. bxa6 bxa6 31. Rc3 Bb6 32. f4 Kb7 33. Kf3 g5 34. h4 Bc7 35. Re3 Kc6 36. c3 Kb5 37. h5 Bb6 38. Re1 a5 39. Ke3 c4+ 40. Kf3 cxb3 41. Rb1 Kc4 42. Ke2 gxf4 43. Be1 f3+ 44. Kf1 a4 45. Bd2 a3 46. Bc1 a2 47. Ra1 Kxc3 48. Bxh6 b2 49. Rxa2 b1Q+ 50. Bc1 Qxc1# 0-1

[Event "Lima Santisimo Nombre de Jesus"]
[Site "Lima"]
[Date "2015.05.29"]
[Round "5"]
[White "Ugarelli, Leonardo"]
[Black "Terreros, Marcelo"]
[Result "1-0"]
[WhiteElo "1450"]
[BlackElo "1271"]
[PlyCount "95"]
[EventDate "2015.05.22"]
[EventType "swiss"]
[EventRounds "8"]
[EventCountry "PER"]
[SourceTitle "EXT 2024"]
[Source "ChessBase"]
[SourceDate "2023.10.10"]
[SourceVersion "1"]
[SourceVersionDate "2023.10.10"]
[SourceQuality "1"]

1. e4 e5 2. Nf3 Nc6 3. Bc4 Nf6 4. d3 h6 5. Nc3 Bc5 6. Be3 Bd4 7. Bxd4 Nxd4 8. Nxe5 0-0 9. Nf3 c5 10. h3 d6 11. 0-0 Be6 12. Bxe6 fxe6 13. Nxd4 cxd4 14. Ne2 e5 15. Rc1 Rc8 16. c3 dxc3 17. Nxc3 d5 18. exd5 Nxd5 19. Qb3 Rc5 20. Nxd5 Qxd5 21. Rxc5 Qxb3 22. axb3 Rd8 23. Rd1 e4 24. d4 b6 25. Re5 Kh7 26. Rxe4 a5 27. d5 Kg6 28. d6 Kf7 29. d7 b5 30. Rd3 b4 31. Re5 Kf6 32. Re8 Rxd7 33. Rxd7 Kg6 34. Re6+ Kh7 35. Ree7 Kg6 36. Rxg7+ Kf5 37. Rde7 a4 38. bxa4 b3 39. f3 h5 40. Kf2 Kf4 41. g3+ Kf5 42. Ke3 h4 43. Kd4 hxg3 44. Rxg3 Kf6 45. Rgg7 Kf5 46. h4 Kf6 47. Kd5 Kf5 48. Ref7# 1-0

[Event "World School-ch U11 10th"]
[Site "Juiz de Fora"]
[Date "2014.11.29"]
[Round "5"]
[White "Ugarelli, Leonardo"]
[Black "Batsuren, Dambasuren"]
[Result "0-1"]
[WhiteElo "1468"]
[BlackElo "1807"]
[PlyCount "84"]
[EventDate "2014.11.26"]
[EventType "swiss"]
[EventRounds "9"]
[EventCountry "BRA"]
[SourceTitle "EXT 2016"]
[Source "ChessBase"]
[SourceDate "2015.10.08"]
[SourceVersion "1"]
[SourceVersionDate "2015.10.08"]
[SourceQuality "1"]

1. e4 e5 2. Nf3 Nc6 3. Bc4 Bc5 4. d3 Nf6 5. Bg5 h6 6. Bh4 d6 7. h3 Qe7 8. Nc3 Be6 9. Bb3 g5 10. Bg3 Nh5 11. Ba4 0-0-0 12. Bxc6 bxc6 13. Bh2 g4 14. hxg4 Bxg4 15. Rb1 Nf4 16. Bxf4 exf4 17. Kf1 Rdg8 18. a3 h5 19. b4 Bb6 20. a4 h4 21. a5 h3 22. gxh3 Bd4 23. Na2 Rxh3 24. Rxh3 Bxh3+ 25. Ke2 Rg2 26. Nxd4 Bg4+ 27. Nf3 Qh4 28. Kd2 Qxf2+ 29. Kc3 Bxf3 30. Qc1 Qe3 31. Qxe3 fxe3 32. Re1 e2 33. Nc1 d5 34. exd5 f5 35. dxc6 f4 36. Kd2 Bg4 37. Nxe2 f3 38. Ke3 fxe2 39. Rh1 Kd8 40. Rh8+ Ke7 41. Rh7+ Kf6 42. Rxc7 e1Q+ 0-1

[Event "Lima Santisimo Nombre de Jesus 4"]
[Site "Lima"]
[Date "2014.08.06"]
[Round "?"]
[White "Ugarelli, Leonardo"]
[Black "Pacheco Mateo, Laura"]
[Result "1-0"]
[WhiteElo "1379"]
[BlackElo "1449"]
[PlyCount "91"]
[EventDate "2014.08.04"]
[EventType "swiss"]
[EventRounds "8"]
[EventCountry "PER"]
[SourceTitle "EXT 2024"]
[Source "ChessBase"]
[SourceDate "2023.10.10"]
[SourceVersion "1"]
[SourceVersionDate "2023.10.10"]
[SourceQuality "1"]

1. d4 d5 2. c4 e5 3. dxe5 Nc6 4. cxd5 Nxe5 5. e4 Qd6 6. Nc3 Nf6 7. Bf4 Nd3+ 8. Bxd3 Qxf4 9. Nf3 Bb4 10. Qc2 0-0 11. h3 Re8 12. Nd2 Bd7 13. 0-0 c6 14. dxc6 Bxc6 15. Rfe1 Rad8 16. Re3 Bc5 17. Re2 Bd6 18. g3 Qh6 19. h4 Ng4 20. Nb3 Bc7 21. Nd5 Bxd5 22. exd5 Rxe2 23. Bxe2 Nf6 24. Qxc7 Re8 25. Bc4 Ne4 26. Qf4 Qxf4 27. gxf4 h6 28. Re1 Nf6 29. Rxe8+ Nxe8 30. f3 f5 31. Kf2 Nd6 32. Nd2 Kf7 33. Ke3 Kf6 34. Kd4 b6 35. Bd3 g5 36. fxg5+ hxg5 37. hxg5+ Kxg5 38. Ke5 Nf7+ 39. Ke6 Nd8+ 40. Ke7 Nb7 41. d6 Nxd6 42. Kxd6 f4 43. Kc6 Kf6 44. Kb7 Ke5 45. Kxa7 Kd4 46. Be4 1-0

[Event "Lima Santisimo Nombre de Jesus 3"]
[Site "Lima"]
[Date "2014.06.29"]
[Round "7"]
[White "Ugarelli, Leonardo"]
[Black "Contreras Huaman, Fiorella Daiana"]
[Result "1/2-1/2"]
[WhiteElo "1373"]
[BlackElo "1373"]
[PlyCount "121"]
[EventDate "2014.06.21"]
[EventType "swiss"]
[EventRounds "8"]
[EventCountry "PER"]
[SourceTitle "EXT 2024"]
[Source "ChessBase"]
[SourceDate "2023.10.10"]
[SourceVersion "1"]
[SourceVersionDate "2023.10.10"]
[SourceQuality "1"]

1. d4 d5 2. c4 e6 3. Nc3 Nf6 4. e3 a6 5. Bd3 dxc4 6. Bxc4 b5 7. Bb3 Nbd7 8. Nf3 Bb7 9. 0-0 c5 10. Re1 c4 11. Bc2 Nb6 12. e4 Be7 13. Bf4 0-0 14. a4 Bc6 15. axb5 axb5 16. Rxa8 Qxa8 17. Qa1 Qxa1 18. Rxa1 Ra8 19. Rxa8+ Bxa8 20. Bc7 Na4 21. Bxa4 bxa4 22. Nxa4 Bxe4 23. Nd2 Bd3 24. Bg3 Nd5 25. f3 Bb4 26. Ne4 Bc2 27. Nac3 f5 28. Nxd5 exd5 29. Ng5 c3 30. bxc3 Bxc3 31. Be5 h6 32. Ne6 g6 33. Nc7 Bb3 34. Nb5 Bb2 35. Nd6 Ba3 36. Ne8 Kf7 37. Nf6 Bd6 38. Nd7 Ke7 39. Bxd6+ Kxd7 40. Bf8 h5 41. Kf2 Bc4 42. Ke3 Ke6 43. Kf4 Kf6 44. Bh6 Bf1 45. g3 Bh3 46. Bg5+ Ke6 47. Bd8 Bg2 48. Kg5 Kf7 49. f4 Bf3 50. Kh4 Bg2 51. Kg5 Bf3 52. Bf6 Bg4 53. Bd8 Bf3 54. Kh4 Be2 55. h3 Bf1 56. g4 fxg4 57. hxg4 Be2 58. gxh5 Bxh5 59. Kg5 Bf3 60. Bf6 Be4 61. Be5 1/2-1/2

[Event "Lima Santisimo Nombre de Jesus 2"]
[Site "Lima"]
[Date "2014.04.27"]
[Round "3"]
[White "Ugarelli, Leonardo"]
[Black "Strohmeier, Luis"]
[Result "0-1"]
[WhiteElo "1375"]
[BlackElo "1610"]
[PlyCount "68"]
[EventDate "2014.04.26"]
[EventType "swiss"]
[EventRounds "8"]
[EventCountry "PER"]
[SourceTitle "EXT 2024"]
[Source "ChessBase"]
[SourceDate "2023.10.10"]
[SourceVersion "1"]
[SourceVersionDate "2023.10.10"]
[SourceQuality "1"]

1. c4 e5 2. Nc3 Nf6 3. g3 c6 4. Bg2 d5 5. cxd5 cxd5 6. d4 exd4 7. Qxd4 Nc6 8. Qd1 Be6 9. Nf3 d4 10. Nb1 Bc5 11. Bg5 h6 12. Bxf6 Qxf6 13. Nbd2 Bd5 14. 0-0 0-0 15. Nb3 Bb6 16. Qd3 Rfe8 17. Rfe1 Nb4 18. Qd1 Rad8 19. Nh4 g5 20. Bxd5 Rxd5 21. Ng2 d3 22. e3 Nc2 23. Rc1 Nxe1 24. Nxe1 Red8 25. Rc3 d2 26. Nc2 Rf5 27. f4 gxf4 28. gxf4 Rxf4 29. Nxd2 Qg5+ 30. Kh1 Rxd2 31. Rc8+ Kh7 32. Qg1 Qd5+ 33. e4 Qxe4+ 34. Qg2 Qxg2# 0-1

[Event "Pan American-ch U10 24th"]
[Site "Pocos de Caldas"]
[Date "2013.07.27"]
[Round "2.1"]
[White "Ugarelli, Leonardo"]
[Black "Peng, David T"]
[Result "0-1"]
[WhiteElo "1414"]
[BlackElo "2017"]
[PlyCount "60"]
[EventDate "2013.07.25"]
[EventType "swiss"]
[EventRounds "9"]
[EventCountry "BRA"]
[SourceTitle "EXT 2016"]
[Source "ChessBase"]
[SourceDate "2015.10.08"]
[SourceVersion "1"]
[SourceVersionDate "2015.10.08"]
[SourceQuality "1"]

1. e4 c5 2. c4 Nc6 3. Nc3 g6 4. Nf3 Bg7 5. d3 Nf6 6. Bg5 h6 7. Bh4 0-0 8. Be2 d6 9. a3 a6 10. Rb1 Ne8 11. 0-0 Nc7 12. Qc2 Bg4 13. Rfe1 b5 14. cxb5 axb5 15. Ra1 Qd7 16. Qd2 Rab8 17. Na2 b4 18. axb4 Nxb4 19. Nxb4 Rxb4 20. Reb1 Rfb8 21. Ra2 Nb5 22. Rc1 Be6 23. Raa1 Bxb2 24. Qxh6 Bg7 25. Qg5 Bxa1 26. Rxa1 Nc3 27. Bf1 Rb1 28. Rxb1 Rxb1 29. Qd2 Nb5 30. Qh6 Nd4 0-1

[Event "Lima Santisimo Nombre de Jesus 3"]
[Site "Lima"]
[Date "2013.07.04"]
[Round "3"]
[White "Ugarelli, Leonardo"]
[Black "Hilares Chavez, Gary Emmanuel"]
[Result "1/2-1/2"]
[WhiteElo "1447"]
[BlackElo "1492"]
[PlyCount "100"]
[EventDate "2013.06.28"]
[EventType "swiss"]
[EventRounds "8"]
[EventCountry "PER"]
[SourceTitle "EXT 2024"]
[Source "ChessBase"]
[SourceDate "2023.10.10"]
[SourceVersion "1"]
[SourceVersionDate "2023.10.10"]
[SourceQuality "1"]

1. e4 e5 2. Nf3 Nc6 3. Bb5 a6 4. Ba4 b5 5. Bb3 Be7 6. c3 d6 7. h3 Nf6 8. Bc2 Bb7 9. d4 0-0 10. d5 Nb8 11. 0-0 Nbd7 12. Be3 c6 13. Bb3 Nxe4 14. dxc6 Bxc6 15. Bd5 Bxd5 16. Qxd5 Nef6 17. Qd2 Qc7 18. Rd1 Rad8 19. Na3 Nc5 20. Bxc5 Qxc5 21. Qe3 Qxe3 22. fxe3 e4 23. Nd4 d5 24. Rd2 Rc8 25. Rad1 Bxa3 26. bxa3 Rxc3 27. Nf5 Rxa3 28. Ne7+ Kh8 29. Nxd5 Nxd5 30. Rxd5 g6 31. Rd6 Rxa2 32. R1d4 f5 33. Rd7 Re2 34. Rc7 Rb8 35. Rdd7 Rxe3 36. Rxh7+ Kg8 37. Rhg7+ Kf8 38. Rgf7+ Ke8 39. Rfe7+ Kd8 40. Red7+ Ke8 41. Re7+ Kd8 42. Red7+ Ke8 43. Re7+ Kd8 44. Red7+ Ke8 45. Re7+ Kf8 46. Rf7+ Kg8 47. Rg7+ Kh8 48. Rh7+ Kg8 49. Rhg7+ Kf8 50. Rgf7+ Ke8 1/2-1/2

[Event "Lima Santisimo Nombre de Jesus 1"]
[Site "Lima"]
[Date "2013.02.03"]
[Round "8"]
[White "Ugarelli, Leonardo"]
[Black "Romero Dongo, Antonella"]
[Result "0-1"]
[WhiteElo "1417"]
[BlackElo "1407"]
[PlyCount "106"]
[EventDate "2013.01.31"]
[EventType "swiss"]
[EventRounds "8"]
[EventCountry "PER"]
[SourceTitle "EXT 2024"]
[Source "ChessBase"]
[SourceDate "2023.10.10"]
[SourceVersion "1"]
[SourceVersionDate "2023.10.10"]
[SourceQuality "1"]

1. e4 e5 2. Nf3 Nc6 3. Bc4 Bc5 4. d3 d6 5. h3 h6 6. Nc3 Nf6 7. Be3 Bb6 8. 0-0 0-0 9. Qd2 Be6 10. Bb5 Ne7 11. Bxh6 gxh6 12. Qxh6 Ng6 13. Ng5 Qe7 14. Nd5 Bxd5 15. exd5 Rfd8 16. Ne6 fxe6 17. Qxg6+ Qg7 18. Qxg7+ Kxg7 19. dxe6 c6 20. Ba4 Re8 21. Bb3 d5 22. c4 Rxe6 23. cxd5 Nxd5 24. Rfe1 Rae8 25. Bxd5 cxd5 26. Rac1 Rc6 27. Rxc6 bxc6 28. Kf1 Kf6 29. f4 Re6 30. fxe5+ Rxe5 31. Rxe5 Kxe5 32. Ke2 Kf4 33. b3 Kg3 34. Kf1 a5 35. a3 Bc5 36. a4 Bd4 37. Ke2 Kxg2 38. h4 Kg3 39. h5 c5 40. h6 Kg4 41. h7 Kf4 42. Kd2 Bh8 43. Ke2 Bd4 44. Kd2 Kf3 45. h8Q Bxh8 46. d4 Bxd4 47. Kd3 Be5 48. Kd2 Ke4 49. Kc2 Ke3 50. Kb1 Ke2 51. Kc2 d4 52. Kb1 d3 53. Ka2 d2 0-1